| 000 | 00899nas a2200277 4500 | ||
|---|---|---|---|
| 001 | BR0805264 | ||
| 003 | BR-BrBNA | ||
| 005 | 20231205112422.0 | ||
| 007 | ta | ||
| 008 | 230509b bl.|||p| |||| 00| 00por d | ||
| 040 |
_aBR-BrBNA _bpor _cBiblioteca Nacional de Agricultura |
||
| 041 | _a(Pt) | ||
| 072 | _aE70 | ||
| 100 | 1 | _aCamargo Filho, W.P. de | |
| 100 | 1 | _aCamargo, F.P. de | |
| 245 | 1 | _aPlanejamento da produção sustentável de hortaliças folhosas: organização das informações decisórias ao cultivo | |
| 650 | _aHORTALIÇA FOLHOSA | ||
| 650 | _aCONSUMO | ||
| 650 | _aCOMERCIALIZAÇÃO | ||
| 650 | _aFEIRA | ||
| 650 | _aPLANEJAMENTO | ||
| 650 | _aSÃO PAULO | ||
| 773 | 0 |
_tInformações Econômicas - Instituto de Economia Agrícola (Brazil) _xISSN 0100-4409 _g(Mar 2008), v. 38(3) p. 27-36 _wBR0805264 |
|
| 909 |
_a202311 _bLúcia _c55 _dLúcia Elande |
||
| 942 |
_2AGRIS _n0 _cANA |
||
| 999 |
_c197966 _d197966 |
||